|
|
|
|
| LEADER |
01050nam a2200277 a 4500 |
| 001 |
27344 |
| 003 |
BD-DhAAL |
| 008 |
130729s2001 nyua b 001 0 eng d |
| 999 |
|
|
|c 13783
|d 13783
|
| 010 |
|
|
|a 00064641
|
| 020 |
|
|
|a 0684867699
|
| 040 |
|
|
|a DLC
|c DLC
|d DLC
|d BD-DhAAL.
|
| 082 |
0 |
0 |
|a 658.044
|2 21
|
| 100 |
1 |
|
|a Greenhalgh, Leonard.
|9 40155
|
| 245 |
1 |
0 |
|a Managing strategic relationships :
|b the key to business success /
|c Leonard Greenhalgh.
|
| 260 |
|
|
|a New York :
|b Free Press,
|c c2001.
|
| 300 |
|
|
|a xvi, 313 pages :
|b illustrations ;
|c 25 cm.
|
| 504 |
|
|
|a Includes bibliographical references and index.
|
| 541 |
|
|
|e 00027344
|
| 650 |
|
0 |
|a Strategic alliances (Business)
|9 40156
|
| 650 |
|
0 |
|a Business networks.
|9 40157
|
| 650 |
|
0 |
|a Decision making.
|9 40158
|
| 650 |
|
0 |
|a Success in business.
|9 40159
|
| 852 |
1 |
|
|a Ayesha Abed Library
|j General Stacks
|
| 942 |
|
|
|2 ddc
|c BK
|
| 952 |
|
|
|0 0
|1 0
|4 0
|6 658_044000000000000_GRE
|7 0
|9 23049
|a IGS
|b IGS
|c GEN
|d 2013-07-30
|e Trim Education
|g 6575.00
|l 0
|o 658.044 GRE
|p 3010027344
|r 2013-07-30
|t 1
|w 0000-00-00
|y BK
|x Available
|